000 00636nas a2200229Ia 4500
001 A03/R030-3431 [r000000544]
003 IT-MiCISF
005 20251215100433.0
008 161014c99999999xx |||||||||||| ||und||
040 _aIT-MiCISF
_cIT-MiCISF
041 _ait
100 _aRubin Zick
_962911
245 0 _aPadri e figli: la ricerca di una riconciliazione
250 _a"Psicologia contemporanea", n. 59, settembre-ottobre
260 _c1983
300 _a pp. 12-18
500 _a uomo, padre, figura-paterna, rapporti-padre-figli
650 _aUomo
_956127
654 _aarticolo
942 _cCR
_2ddc
999 _c223058
_d223058
999 _bSi